000 00272nam a22001217a 4500
008 180201b xxu||||| |||| 00| 0 eng d
041 _aeng
080 _a37
100 _a48
101 _aedu
245 _ahow tolncrease reading ability
_calbert.j.h
942 _2udc
_cBK
999 _c41572
_d41572